উনিশ শতকে বাঙালি মুসলমানের চিন্তা ও চেতনার ধারা/ (Record no. 17967)
[ view plain ]
| 000 -LEADER | |
|---|---|
| fixed length control field | 01113nam a22002177a 4500 |
| 003 - CONTROL NUMBER IDENTIFIER | |
| control field | BDDh-ASL |
| 005 - DATE AND TIME OF LATEST TRANSACTION | |
| control field | 20231015025649.0 |
| 008 - FIXED-LENGTH DATA ELEMENTS--GENERAL INFORMATION | |
| fixed length control field | 200915b1983 ||||| b||| 001 0 d |
| 020 ## - INTERNATIONAL STANDARD BOOK NUMBER | |
| International Standard Book Number | 9840735764 |
| 040 ## - CATALOGING SOURCE | |
| Original cataloging agency | BDDh-ASL |
| Transcribing agency | BDDh-ASL |
| Modifying agency | BDDh-ASL |
| 041 ## - LANGUAGE CODE | |
| Language code of text/sound track or separate title | bengali |
| 082 ## - DEWEY DECIMAL CLASSIFICATION NUMBER | |
| Classification number | 297.09208 |
| Item number | AHU |
| 100 ## - MAIN ENTRY--PERSONAL NAME | |
| 9 (RLIN) | 309 |
| Personal name | আহমদ, ওয়াকিল |
| 245 1# - TITLE STATEMENT | |
| Title | উনিশ শতকে বাঙালি মুসলমানের চিন্তা ও চেতনার ধারা/ |
| Statement of responsibility, etc. | ওয়াকিল আহমদ, |
| 246 ## - VARYING FORM OF TITLE | |
| Title proper/short title | Unish Shatakey Bangali Mussalmaner Chinta O Chetoner Dhara |
| 260 ## - PUBLICATION, DISTRIBUTION, ETC. | |
| Place of publication, distribution, etc. | ঢাকা: |
| Name of publisher, distributor, etc. | বাংলা একাডেমী, |
| Date of publication, distribution, etc. | ১৯৮৩। |
| 300 ## - PHYSICAL DESCRIPTION | |
| Extent | ষোল, ৬৮০ পৃষ্ঠা: |
| Other physical details | ছবি; |
| Dimensions | ২২ সে. মি.। |
| 504 ## - BIBLIOGRAPHY, ETC. NOTE | |
| Bibliography, etc. note | গ্রন্থপঞ্জি ও নির্ঘন্ট সংযুক্ত। |
| 650 #0 - SUBJECT ADDED ENTRY--TOPICAL TERM | |
| 9 (RLIN) | 784 |
| Topical term or geographic name entry element | উনিশ শতকে মুসলমানদের সমাজ ব্যবস্থা |
| General subdivision | মুসলিম ব্যক্তি ও ব্যক্তিত্ব |
| 942 ## - ADDED ENTRY ELEMENTS (KOHA) | |
| Source of classification or shelving scheme | Dewey Decimal Classification |
| Koha item type | Books |
| Withdrawn status | Lost status | Source of classification or shelving scheme | Damaged status | Not for loan | Collection code | Home library | Current library | Shelving location | Date acquired | Source of acquisition | Total Checkouts | Full call number | Barcode | Date last seen | Copy number | Price effective from | Koha item type |
|---|---|---|---|---|---|---|---|---|---|---|---|---|---|---|---|---|---|
| Dewey Decimal Classification | Non-fiction | Asiatic Society Library | Asiatic Society Library | General Stacks | 09/15/2020 | Donated by Prof. (Dr.) M. Abdul Qayyum & Dr. Razia Sultana | 297.09208 AHU | 101108 | 09/15/2020 | C-1 | 09/15/2020 | Books |